000
00263nam a2200097 a 4500
005
20200930070844.0
008
110927s2004 000 spa d
245
0
_a
Mapa escolar de la República Dominicana.
260
_a
Ciudad Trujillo,
_c
[19--?].
999
_c
33683
_d
33683
040
_a
DO-SdBNP